Eggs for sale / (Record no. 784967)

MARC details
000 -LEADER
fixed length control field 01020nam a22003017r 4500
003 - CONTROL NUMBER IDENTIFIER
control field 3228
005 - DATE AND TIME OF LATEST TRANSACTION
control field 20260610112500.0
008 - FIXED-LENGTH DATA ELEMENTS--GENERAL INFORMATION
fixed length control field 250908b sa a|||b |||| 00| 1 eng d
020 ## - INTERNATIONAL STANDARD BOOK NUMBER
International Standard Book Number 9781990963971 (paperback)
040 ## - CATALOGING SOURCE
Original cataloging agency MPL
Transcribing agency 3228
Description conventions Resource Description and Access
Language of cataloging eng
041 ## - LANGUAGE CODE
Language code of text/sound track or separate title English
082 #0 - DEWEY DECIMAL CLASSIFICATION NUMBER
Classification number EKF BOTH
100 ## - MAIN ENTRY--PERSONAL NAME
9 (RLIN) 194892
Personal name Botha, Mia
Relator term Author
245 ## - TITLE STATEMENT
Title Eggs for sale /
Statement of responsibility, etc. Mia Botha ; illustrations by Claire Ingram ; editor by Alet Kruger
250 ## - EDITION STATEMENT
Edition statement First edition
260 ## - PUBLICATION, DISTRIBUTION, ETC.
Place of publication, distribution, etc. Centurion :
Name of publisher, distributor, etc. Qualibooks Publishing ,
Date of publication, distribution, etc. ©2021,
-- 2021.
300 ## - PHYSICAL DESCRIPTION
Extent 28 pages :
Other physical details illustrations ;
Dimensions 21 cm
490 ## - SERIES STATEMENT
Series statement Learn to Earn
500 ## - GENERAL NOTE
General note "Pasella."<br/><br/>Also available in other official South African languages.
521 ## - TARGET AUDIENCE NOTE
Target audience note Juvenile fiction.
650 #0 - SUBJECT ADDED ENTRY--TOPICAL TERM
9 (RLIN) 178937
Topical term or geographic name entry element Entrepreneurship
655 #0 - INDEX TERM--GENRE/FORM
9 (RLIN) 188586
Genre/form data or focus term Children's Fiction
655 #0 - INDEX TERM--GENRE/FORM
9 (RLIN) 199622
Genre/form data or focus term Learning Fiction
655 #0 - INDEX TERM--GENRE/FORM
9 (RLIN) 188803
Genre/form data or focus term Information Fiction
700 ## - ADDED ENTRY--PERSONAL NAME
9 (RLIN) 191072
Personal name Ingram, Claire
Relator term illustrator
700 ## - ADDED ENTRY--PERSONAL NAME
9 (RLIN) 181501
Personal name Kruger, Alet
Relator term Editor
942 ## - ADDED ENTRY ELEMENTS
Source of classification or shelving scheme Dewey Decimal Classification
item type Books
-- 296
-- Phillipina Naude
Holdings
Withdrawn status Lost status Source of classification or shelving scheme Damaged status Not for loan Collection code Home library Current library Shelving location Date acquired Cost, normal purchase price Full call number Barcode Date last seen Price effective from item type Total Checkouts Public note
    Dewey Decimal Classification     Fiction Klarinet PL (MMID-PLEM-KLAR) Klarinet PL (MMID-PLEM-KLAR) Children's Area 10.06.2026   EKF BOTH 3228200028236 10.06.2026 10.06.2026 Books   784967
    Dewey Decimal Classification     Fiction MBOMBELA REGIONAL LIBRARY Nelsville Fiction 08.09.2025 37.50 JF BOTH 3322803165251 08.09.2025 08.09.2025 Book    
    Dewey Decimal Classification     Fiction MBOMBELA REGIONAL LIBRARY Nelsville Fiction 08.09.2025 37.50 JF BOTH 3322803165252 08.09.2025 08.09.2025 Book    
    Dewey Decimal Classification     Fiction MBOMBELA REGIONAL LIBRARY Nelsville Fiction 08.09.2025 37.50 JF BOTH 3322803165253 08.09.2025 08.09.2025 Book    
    Dewey Decimal Classification     Fiction MBOMBELA REGIONAL LIBRARY Nelsville Fiction 08.09.2025 37.50 JF BOTH 3322803165254 08.09.2025 08.09.2025 Book    
    Dewey Decimal Classification     Fiction MBOMBELA REGIONAL LIBRARY Nelsville Fiction 08.09.2025 37.50 JF BOTH 3322803165255 08.09.2025 08.09.2025 Book